ბათუმის შოთა რუსთაველის სახელმწიფო უნივერსიტეტის ბიბლიოთეკა

Netzwerk neu : (ბიბ.ჩანაწერი № 58885)

000 -LEADER
fixed length control field 00760nam a22002177a 4500
005 - DATE AND TIME OF LATEST TRANSACTION
control field 20221013110747.0
008 - FIXED-LENGTH DATA ELEMENTS--GENERAL INFORMATION
fixed length control field 221013s2021ge xxu||||| |||| 00| 0 ger d
020 ## - INTERNATIONAL STANDARD BOOK NUMBER
International Standard Book Number 9783126071673
041 ## - LANGUAGE CODE
Language code of text/sound track or separate title ger
080 ## - UNIVERSAL DECIMAL CLASSIFICATION NUMBER
Universal Decimal Classification number 811.112.2'373 P-64
100 ## - MAIN ENTRY--PERSONAL NAME
Personal name Pilaski, Anna.
9 (RLIN) 15314
245 ## - TITLE STATEMENT
Title Netzwerk neu :
Remainder of title A2 : Testheft mit Audios /
Statement of responsibility, etc. Anna Pilaski, Margret Rodi, Kirsten Althaus.
264 ## - PRODUCTION, PUBLICATION, DISTRIBUTION, MANUFACTURE, AND COPYRIGHT NOTICE
Place of production, publication, distribution, manufacture Stuttgart :
Name of producer, publisher, distributor, manufacturer Ernst Klett Sprachen,
Date of production, publication, distribution, manufacture, or copyright notice 2021.
300 ## - PHYSICAL DESCRIPTION
Extent 56 p.:
Other physical details Illustrationen,
Dimensions 29 cm.
440 ## - SERIES STATEMENT/ADDED ENTRY--TITLE
Title Deutsch als Fremdsprache
9 (RLIN) 15316
653 ## - INDEX TERM--UNCONTROLLED
keyword Netzwerk neu :A2. Testheft mit Audios
653 ## - INDEX TERM--UNCONTROLLED
keyword გერმანული ენა
700 ## - ADDED ENTRY--PERSONAL NAME
Personal name Rodi, Margret
Relator term Author
9 (RLIN) 15315
700 ## - ADDED ENTRY--PERSONAL NAME
Personal name Althaus, Kirsten
Relator term Author
9 (RLIN) 15280
942 ## - ADDED ENTRY ELEMENTS (KOHA)
Source of classification or shelving scheme
Koha item type წიგნი
ეგზემპლარები
Withdrawn status Lost status Source of classification or shelving scheme Damaged status Not for loan Permanent Location Current Location Shelving location Date acquired Cost, normal purchase price Full call number Barcode Date last seen Copy number Price effective from Koha item type Public note
          ბათუმის შოთა რუსთაველის სახელმწიფო უნივერსიტეტის მთავარი ბიბლიოთეკა ბათუმის შოთა რუსთაველის სახელმწიფო უნივერსიტეტის მთავარი ბიბლიოთეკა წიგნსაცავი 2022-10-13 10.00 811.112.2'373 P-64 63075 2022-10-13 63075 2022-10-13 წიგნი 10ლ.50თ.